000 00882nam a22002295i 4500
001 156854
003 ES-MaACL
005 20250702211053.0
008 900910s1880 fr aa |||| | fre d
040 _aCAT
_bspa
_cCAT
_dCCPB
043 _ae-fr
080 _a944
100 1 _aLacroix, Paul (
_d1806-1884)
_969408
245 1 0 _aXVIIme siècle
_b: institutions, usages et costumes : France 1590-1700 ... /
_cPaul Lacroix (Bibliophile Jacob).
260 _aParis :
_bLibrairie de Firmin-Didot et Cie,
_c1880.
300 _aVIII, 580 p., [35] h. de lám. :
_bil. ;
_c29 cm.
651 4 _aFrancia-
_xHistoria-
_y1610-1643, Luis XIII.
_9161635
651 4 _aFrancia-
_xHistoria-
_y1643-1715, Luis XIV.
_98682
651 7 _aFrancia-
_xUsos y costumbres
_2
_9137186
852 _aES-MaACL
_jG-8119
_z-- Enc. editorial hol. grab. con hierros y cortes dorados
999 _c156854
_d156854